| 000 -CABECERA |
| Longitud fija campo de control |
00628nam a2200193 a 4500 |
| 001 - NÚMERO DE CONTROL |
| Número de control |
1765 |
| 003 - IDENTIFICADOR DEL NÚMERO DE CONTROL |
| Identificador del número de control |
CDMR |
| 005 - FECHA Y HORA DE LA ÚLTIMA TRANSACCIÓN |
| Fecha y hora de la última transacción |
20130416200014.0 |
| 008 - CÓDIGOS DE INFORMACIÓN DE LONGITUD FIJA |
| Códigos de información de longitud fija |
130130s1998||||||||||||||||||||||||||||d |
| 040 ## - FUENTE DE LA CATALOGACIÓN |
| Centro catalogador de origen |
CDMR |
| Lengua de catalogación |
cat |
| Centro transcriptor |
CPC GIRONA |
| 100 1# - PUNTO DE ACCESO PRINCIPAL-NOMBRE DE PERSONA |
| Nombre de persona |
Finestres, Jordi |
| 9 (RLIN) |
1322 |
| 245 10 - MENCIÓN DE TÍTULO |
| Título |
Josep Maria Planes (1907-1936) |
| Mención de responsabilidad, etc. |
Jordi Finestres |
| Resto del título |
: memòria d'un periodista assassinat |
| 260 ## - PUBLICACIÓN, DISTRIBUCIÓN, ETC. (PIE DE IMPRENTA) |
| Nombre del editor, distribuidor, etc. |
Col.legi de Periodistes de Catalunya |
| Lugar de publicación, distribución, etc. |
Barcelona |
| 260 ## - PUBLICACIÓN, DISTRIBUCIÓN, ETC. (PIE DE IMPRENTA) |
| Fecha de publicación, distribución, etc. |
1998 |
| Nombre del editor, distribuidor, etc. |
Diputació de Barcelona |
| 490 0# - MENCIÓN DE SERIE |
| Mención de serie |
Vaixells de Paper |
| Designación de volumen o secuencia |
25 |
| 600 1# - PUNTO DE ACCESO ADICIONAL DE MATERIA - NOMBRE DE PERSONA |
| 9 (RLIN) |
894 |
| Nombre de persona |
Planes, Josep Maria |
| Fechas asociadas al nombre |
1907-1936 |
| 650 04 - PUNTO DE ACCESO ADICIONAL DE MATERIA - TÉRMINO DE MATERIA |
| 9 (RLIN) |
3139 |
| Término de materia o nombre geográfico como elemento inicial |
Periodistes catalans |
| Subdivisión de forma |
Biografia |
| 942 ## - ENTRADA DE ELEMENTOS AGREGADOS (KOHA) |
| Koha [por defecto] tipo de item |
Monografies |
| Fuente de clasificaión o esquema |
|